[Event "ODJM A 2016"]
[Site "Willingen GER"]
[Date "2016.05.19"]
[Round "7"]
[White "Ortmeier, Leonhard"]
[Black "Wensing, Maximilian"]
[Result "1-0"]
[Termination "normal"]
[Board "30"]
[WhiteElo "1896"]
[BlackElo "1814"]
[PlyCount "47"]
[WhiteFideId "12993662"]
[BlackFideId "16222415"]
[EventCountry "GER"]
[EventRounds "9"]
[EventType "swiss"]
[EventDate "2016.05.14"]

1. e4 c5 2. Nf3 d6 3. Bb5+ Nd7 4. O-O a6 5. Be2 Ngf6 6. d3 b5 7. c3 Bb7 8. h3
e6 9. Be3 Be7 10. Nbd2 Rc8 11. Qb3 Nb6 12. Rac1 d5 13. e5 Nfd7 14. d4 c4 15.
Qc2 h6 16. Nh2 b4 17. f4 f5 18. Bh5+ Kf8 19. g4 g6 20. Bxg6 fxg4 21. f5 gxh3
22. fxe6+ Nf6 23. exf6 Bxf6 24. Rxf6+ 1-0

[Event "ODJM A 2016"]
[Site "Willingen GER"]
[Date "2016.05.19"]
[Round "7"]
[White "Pahl, Theis"]
[Black "Schmidt, Daniel"]
[Result "0-1"]
[Termination "normal"]
[Board "31"]
[WhiteElo "1583"]
[BlackElo "1861"]
[PlyCount "107"]
[WhiteFideId "16201264"]
[BlackFideId "12957950"]
[EventCountry "GER"]
[EventRounds "9"]
[EventType "swiss"]
[EventDate "2016.05.14"]

1. e4 c5 2. Nf3 d6 3. d4 cxd4 4. Qxd4 Nc6 5. Bb5 Bd7 6. Bxc6 Bxc6 7. Nc3 Nf6 8.
Bg5 e6 9. O-O-O Be7 10. Rhe1 O-O 11. Kb1 Qc7 12. Qd2 Rfd8 13. Nd4 Be8 14. f3 a6
15. g4 b5 16. h4 b4 17. Nce2 a5 18. Ng3 Rac8 19. Nh5 Nxh5 20. gxh5 Bxg5 21.
Qxg5 e5 22. Nf5 f6 23. Qg2 Bxh5 24. Rg1 Bg6 25. Nxg7 Kxg7 26. h5 Qf7 27. Qh3
Ra8 28. Qf5 Kh6 29. hxg6 hxg6 30. Qh3+ Kg7 31. Qf5 g5 32. b3 Qe7 33. Rh1 Rh8
34. Qg4 Rxh1 35. Rxh1 Rh8 36. Rd1 Rh4 37. Qg1 Qc7 38. Rd2 Kf7 39. Qe3 Qc3 40.
Qxc3 bxc3 41. Rd1 Rh3 42. Rf1 Ke6 43. Kc1 d5 44. exd5+ Kxd5 45. Kd1 f5 46. Ke2
e4 47. fxe4+ Kxe4 48. Rg1 g4 49. Rf1 f4 50. a3 g3 51. b4 axb4 52. axb4 g2 53.
Rg1 Rh1 54. Rxg2 0-1

[Event "ODJM A 2016"]
[Site "Willingen GER"]
[Date "2016.05.19"]
[Round "7"]
[White "Wolff, Marie Antoinette"]
[Black "Kornitzky, Tino"]
[Result "0-1"]
[Termination "normal"]
[Board "32"]
[WhiteElo "1786"]
[BlackElo "1812"]
[PlyCount "114"]
[WhiteFideId "12908258"]
[BlackFideId "12970379"]
[EventCountry "GER"]
[EventRounds "9"]
[EventType "swiss"]
[EventDate "2016.05.14"]

1. c4 e6 2. Nf3 d5 3. cxd5 exd5 4. d4 Nf6 5. g3 c6 6. Bg2 Be7 7. O-O O-O 8. Nc3
Bf5 9. Qb3 Qb6 10. Qxb6 axb6 11. Bg5 h6 12. Bf4 Nbd7 13. a3 b5 14. b4 Ra7 15.
Rfe1 Rfa8 16. Bc1 Bxb4 17. Bd2 Bxa3 18. Nh4 Bh7 19. e4 b4 20. Nb1 Nxe4 21. Bxe4
Bxe4 22. f3 Bh7 23. Re7 Nf6 24. Ng2 Bxb1 25. Rxb1 b3 26. Re3 b2 27. Ne1 Nd7 28.
Nc2 Nb6 29. Nxa3 Rxa3 30. Rxa3 Rxa3 31. Rxb2 Nc4 32. Rc2 Nxd2 33. Rxd2 Rxf3 34.
Rb2 b5 35. Rc2 Rf6 36. Kg2 Kf8 37. h4 Ke7 38. Kh3 Kd6 39. Kg4 Kc7 40. Kh5 Rf3
41. g4 Rd3 42. g5 hxg5 43. Kxg5 Rxd4 44. h5 b4 45. h6 gxh6+ 46. Kxh6 b3 47. Rf2
Rb4 48. Rxf7+ Kb6 49. Rf1 b2 50. Rb1 Ka5 51. Kg5 Ka4 52. Kf5 Ka3 53. Ke5 Ka2
54. Rxb2+ Rxb2 55. Kd6 d4 56. Kxc6 d3 57. Kc5 d2 0-1

[Event "ODJM A 2016"]
[Site "Willingen GER"]
[Date "2016.05.19"]
[Round "7"]
[White "Richter, Nils"]
[Black "Lohrmann, Tabea"]
[Result "0-1"]
[Termination "normal"]
[Board "33"]
[WhiteElo "1826"]
[BlackElo "1649"]
[PlyCount "46"]
[WhiteFideId "12990809"]
[BlackFideId "12911941"]
[EventCountry "GER"]
[EventRounds "9"]
[EventType "swiss"]
[EventDate "2016.05.14"]

1. e4 e5 2. Nf3 Nc6 3. Bb5 a6 4. Ba4 Nf6 5. O-O Be7 6. Re1 b5 7. Bb3 O-O 8. a4
b4 9. c3 d5 10. exd5 Nxd5 11. Nxe5 Nxe5 12. Rxe5 Nf6 13. d4 Bd6 14. Re1 Ng4 15.
g3 Nxh2 16. Kxh2 Qh4+ 17. Kg2 Qh3+ 18. Kg1 Bxg3 19. fxg3 Qxg3+ 20. Kh1 Bg4 21.
Bd5 Bxd1 22. Rxd1 Qh3+ 23. Kg1 Qg4+ 0-1

[Event "ODJM A 2016"]
[Site "Willingen GER"]
[Date "2016.05.19"]
[Round "7"]
[White "Schilay, Lorenz"]
[Black "Wagner, Swenja"]
[Result "1-0"]
[Termination "normal"]
[Board "34"]
[WhiteElo "1762"]
[BlackElo "1673"]
[PlyCount "31"]
[WhiteFideId "12930180"]
[BlackFideId "12900494"]
[EventCountry "GER"]
[EventRounds "9"]
[EventType "swiss"]
[EventDate "2016.05.14"]

1. e4 e5 2. Nc3 Nc6 3. Nf3 Nf6 4. a3 d6 5. d4 exd4 6. Nxd4 Bd7 7. Bc4 Be7 8.
O-O Ne5 9. Ba2 c5 10. Nde2 O-O 11. Nf4 Bc6 12. f3 Nfd7 13. Nfd5 Nb6 14. f4 Ng6
15. f5 Nxd5 16. exd5 1-0

[Event "ODJM A 2016"]
[Site "Willingen GER"]
[Date "2016.05.19"]
[Round "7"]
[White "Bangert, Benjamin"]
[Black "Zeuner, Ole"]
[Result "0-1"]
[Termination "normal"]
[Board "35"]
[WhiteElo "1776"]
[BlackElo "1567"]
[PlyCount "74"]
[WhiteFideId "24692654"]
[BlackFideId "12943576"]
[EventCountry "GER"]
[EventRounds "9"]
[EventType "swiss"]
[EventDate "2016.05.14"]

1. c4 e5 2. g3 g6 3. Nc3 Nc6 4. Bg2 Bg7 5. Nf3 Nf6 6. O-O O-O 7. d3 d6 8. Bg5
h6 9. Bd2 Be6 10. Qc1 Kh7 11. a3 a5 12. Rb1 Qd7 13. b4 axb4 14. axb4 Bh3 15. e4
Bxg2 16. Kxg2 Ng4 17. h3 Nf6 18. b5 Ne7 19. Ra1 Rab8 20. Ra2 Nh5 21. Nh2 f5 22.
f4 Rf7 23. g4 fxg4 24. Nxg4 Nxf4+ 25. Bxf4 exf4 26. Rxf4 Rxf4 27. Qxf4 Bxc3 28.
Nf6+ Bxf6 29. Qxf6 Ng8 30. Qf4 Kg7 31. Rf2 Qe7 32. Kh1 Rf8 33. Qe3 Rxf2 34.
Qxf2 Nf6 35. Qd4 b6 36. Kg2 Qe5 37. Qf2 Nh5 0-1

[Event "ODJM A 2016"]
[Site "Willingen GER"]
[Date "2016.05.19"]
[Round "7"]
[White "Aengenheister, Dennis"]
[Black "Fromm, Johannes"]
[Result "1/2-1/2"]
[Termination "normal"]
[Board "36"]
[WhiteElo "1749"]
[BlackElo "1467"]
[PlyCount "40"]
[WhiteFideId "16225490"]
[BlackFideId "12993204"]
[EventCountry "GER"]
[EventRounds "9"]
[EventType "swiss"]
[EventDate "2016.05.14"]

1. e3 e5 2. d4 exd4 3. exd4 d5 4. Bd3 Nf6 5. Ne2 c6 6. O-O Bd6 7. Bf4 O-O 8.
Nd2 Bg4 9. Bxd6 Qxd6 10. c3 Nbd7 11. Qc2 Bh5 12. f4 Bxe2 13. Bxe2 Rfe8 14. Bf3
Qxf4 15. Rf2 Ng4 16. Bxg4 Qxg4 17. Nf3 Qe4 18. Qb3 b6 19. Qa4 Qg6 20. Raf1 Re7
1/2-1/2

[Event "ODJM A 2016"]
[Site "Willingen GER"]
[Date "2016.05.19"]
[Round "7"]
[White "Buller, Ian Joshua"]
[Black "Krauße, Sandro"]
[Result "1/2-1/2"]
[Termination "normal"]
[Board "37"]
[WhiteElo "1424"]
[BlackElo "1734"]
[PlyCount "115"]
[WhiteFideId "12990655"]
[BlackFideId "12953733"]
[EventCountry "GER"]
[EventRounds "9"]
[EventType "swiss"]
[EventDate "2016.05.14"]

1. e4 e6 2. d4 d5 3. exd5 exd5 4. Nf3 Bd6 5. Bd3 Ne7 6. O-O Bf5 7. Re1 Bxd3 8.
Qxd3 O-O 9. Bg5 c6 10. Nbd2 f6 11. Bh4 Nd7 12. Re6 Nb6 13. Rae1 Qd7 14. Bg3
Nec8 15. Nh4 Qc7 16. Bxd6 Nxd6 17. Re7 Qd8 18. Nf5 Rf7 19. Rxf7 Nxf7 20. Qg3
Qf8 21. Nf3 Nc4 22. N3h4 Ncd6 23. Ne7+ Kh8 24. Nhg6+ hxg6 25. Nxg6+ Kg8 26.
Nxf8 Kxf8 27. f3 Rd8 28. Qf2 a5 29. b3 b5 30. Qe2 Rd7 31. Qe6 Ra7 32. h4 Kg8
33. h5 Kh7 34. Qg4 Ng5 35. Qf4 Rd7 36. Qd2 Ra7 37. Qd3+ f5 38. Kf2 Kh6 39. g4
g6 40. hxg6 Kxg6 41. Kg3 Rh7 42. Kg2 Rh3 43. Rh1 Rxf3 44. Qxf3 Nxf3 45. Kxf3
fxg4+ 46. Kxg4 b4 47. Re1 Kf6 48. Kf4 Nb5 49. Ke3 Ke6 50. Kd3+ Kd7 51. Rg1 Nc3
52. Rg7+ Kd6 53. Ra7 Nxa2 54. Rxa5 Nc3 55. Ra6 Kc7 56. Ra1 Kb6 57. Re1 Nb5 58.
Re6 1/2-1/2

[Event "ODJM A 2016"]
[Site "Willingen GER"]
[Date "2016.05.19"]
[Round "7"]
[White "Frohnhäuser, Simon"]
[Black "Bosselmann, Tom Linus"]
[Result "0-1"]
[Termination "normal"]
[Board "38"]
[WhiteElo "1559"]
[BlackElo "1830"]
[PlyCount "80"]
[WhiteFideId "16208528"]
[BlackFideId "12983845"]
[EventCountry "GER"]
[EventRounds "9"]
[EventType "swiss"]
[EventDate "2016.05.14"]

1. e4 e5 2. Nf3 Nc6 3. Bc4 Nf6 4. d3 Be7 5. O-O O-O 6. Re1 d6 7. a4 Be6 8. Nbd2
h6 9. c3 a5 10. Bb5 Na7 11. Bc4 c6 12. Bb3 Nc8 13. d4 exd4 14. cxd4 Bg4 15. h3
Bh5 16. Nf1 d5 17. e5 Ne4 18. Bc2 Bb4 19. Re3 Ng5 20. N1h2 Nb6 21. b3 Ne6 22.
Bf5 Qe7 23. Bb2 Rfd8 24. Qc2 Rac8 25. g4 Bg6 26. Bc3 c5 27. Bxb4 cxb4 28. Qb1
Rc3 29. Bxg6 fxg6 30. Qxg6 Rdc8 31. Nh4 Nf4 32. Qf5 Rxe3 33. fxe3 Nxh3+ 34. Kg2
Qxh4 35. Rf1 Ng5 36. e6 Qh3+ 37. Kh1 Qxe3 38. Nf3 Qe4 39. Qxe4 Nxe4 40. Ne5
Ng3+ 0-1

[Event "ODJM A 2016"]
[Site "Willingen GER"]
[Date "2016.05.19"]
[Round "7"]
[White "Isler, Benjamin"]
[Black "Acikel, Mert"]
[Result "1/2-1/2"]
[Termination "normal"]
[Board "40"]
[WhiteElo "1700"]
[BlackElo "1883"]
[PlyCount "41"]
[WhiteFideId "12975478"]
[BlackFideId "12956465"]
[EventCountry "GER"]
[EventRounds "9"]
[EventType "swiss"]
[EventDate "2016.05.14"]

1. e4 e5 2. Nf3 Nc6 3. Bc4 Bc5 4. c3 Nf6 5. d4 exd4 6. cxd4 Bb4+ 7. Nc3 Nxe4 8.
O-O Bxc3 9. d5 Ne5 10. bxc3 Nxc4 11. Qd4 Ncd6 12. Qxg7 Qf6 13. Qxf6 Nxf6 14.
Re1+ Kf8 15. Bh6+ Kg8 16. Re5 Nfe4 17. Re1 f5 18. Re7 b6 19. Ng5 Bb7 20. Nxe4
fxe4 21. Rg7+ 1/2-1/2

[Event "ODJM A 2016"]
[Site "Willingen GER"]
[Date "2016.05.19"]
[Round "7"]
[White "Hofmann, Marko"]
[Black "Melde, Benjamin"]
[Result "1-0"]
[Termination "normal"]
[Board "41"]
[WhiteElo "1812"]
[BlackElo "1707"]
[PlyCount "87"]
[WhiteFideId "12935875"]
[BlackFideId "12958816"]
[EventCountry "GER"]
[EventRounds "9"]
[EventType "swiss"]
[EventDate "2016.05.14"]

1. d4 Nf6 2. Nc3 g6 3. e4 d6 4. Be2 Bg7 5. h4 Nc6 6. Be3 e5 7. d5 Ne7 8. h5 c6
9. h6 Bf8 10. Bg5 Neg8 11. Qd2 Be7 12. f4 Ng4 13. Bxe7 Nxe7 14. fxe5 Nxe5 15.
dxc6 N7xc6 16. O-O-O Be6 17. Nd5 Bxd5 18. exd5 Ne7 19. Bb5+ Kf8 20. Nf3 Nxf3
21. gxf3 f6 22. Rde1 a6 23. Ba4 b5 24. Bb3 Kf7 25. Re6 Rf8 26. Rhe1 Ra7 27. Qd4
Nc8 28. f4 Kg8 29. f5 g5 30. Qe4 a5 31. c3 b4 32. cxb4 axb4 33. Qxb4 Re7 34.
Rxe7 Nxe7 35. Qe4 Qc8+ 36. Bc2 Rf7 37. Kb1 Qb7 38. Bb3 Nc8 39. Qe8+ Rf8 40.
Qe6+ Rf7 41. Rc1 Nb6 42. Qxd6 Rf8 43. Rc7 Qa6 44. Rg7+ 1-0

[Event "ODJM A 2016"]
[Site "Willingen GER"]
[Date "2016.05.19"]
[Round "7"]
[White "Thumm, Felix"]
[Black "Usczeck, Alina"]
[Result "1-0"]
[Termination "normal"]
[Board "42"]
[WhiteElo "1939"]
[BlackElo "1655"]
[PlyCount "83"]
[WhiteFideId "12902209"]
[BlackFideId "12938114"]
[EventCountry "GER"]
[EventRounds "9"]
[EventType "swiss"]
[EventDate "2016.05.14"]

1. d4 d5 2. Nf3 Nf6 3. e3 c6 4. Bd3 Bg4 5. b3 Nbd7 6. Bb2 e6 7. Nbd2 Bd6 8. O-O
O-O 9. c4 c5 10. Re1 Re8 11. cxd5 Nxd5 12. Ne4 Be7 13. Nxc5 Nxc5 14. dxc5 Bxf3
15. Qxf3 Rc8 16. Red1 Qc7 17. Be4 Qxc5 18. Bxd5 exd5 19. Qxd5 Qxd5 20. Rxd5 Rc2
21. Bd4 Rec8 22. g3 b6 23. a4 Bb4 24. Rd1 f6 25. e4 R2c7 26. e5 fxe5 27. Bxe5
Re7 28. Bd4 Kf7 29. Rf5+ Kg6 30. Rd5 Kf7 31. Rb5 Bc3 32. Bxc3 Rxc3 33. Rd4 g6
34. b4 Ra3 35. a5 bxa5 36. Rxa5 Rxa5 37. bxa5 Kg7 38. Rb4 Rc7 39. a6 Rc6 40.
Rb7+ Kf6 41. Rxa7 Kg5 42. Kg2 1-0

[Event "ODJM A 2016"]
[Site "Willingen GER"]
[Date "2016.05.19"]
[Round "7"]
[White "Fuhrmann, Äke"]
[Black "Wieber, Dominik"]
[Result "1/2-1/2"]
[Termination "normal"]
[Board "43"]
[WhiteElo "1654"]
[BlackElo "1855"]
[PlyCount "74"]
[WhiteFideId "12983853"]
[BlackFideId "24699012"]
[EventCountry "GER"]
[EventRounds "9"]
[EventType "swiss"]
[EventDate "2016.05.14"]

1. c4 e5 2. g3 g6 3. Bg2 Bg7 4. Nc3 Ne7 5. d3 d6 6. e4 O-O 7. Nge2 c5 8. O-O
Nbc6 9. a3 a6 10. Rb1 Rb8 11. b4 cxb4 12. axb4 b5 13. cxb5 axb5 14. Be3 Nd4 15.
Qd2 Be6 16. Nd5 Nxd5 17. Bxd4 exd4 18. exd5 Bf5 19. Nc1 Rc8 20. Nb3 Re8 21.
Rbc1 Rc3 22. Rxc3 dxc3 23. Qc2 Qe7 24. Nc1 Ra8 25. Ne2 Qa7 26. Be4 Qa2 27. Rc1
Qxc2 28. Rxc2 Bh3 29. f4 Ra1+ 30. Kf2 Ra3 31. Ke3 Rb3 32. d4 Rxb4 33. Rxc3 Bg4
34. Bf3 Bxf3 35. Rc8+ Bf8 36. Kxf3 Rb2 37. Ke3 Rb3+ 1/2-1/2

[Event "ODJM A 2016"]
[Site "Willingen GER"]
[Date "2016.05.19"]
[Round "7"]
[White "Thumm, Niklas"]
[Black "Walow, Xenia"]
[Result "1/2-1/2"]
[Termination "normal"]
[Board "44"]
[WhiteElo "1788"]
[BlackElo "1575"]
[PlyCount "51"]
[WhiteFideId "12918733"]
[BlackFideId "12971839"]
[EventCountry "GER"]
[EventRounds "9"]
[EventType "swiss"]
[EventDate "2016.05.14"]

1. e4 c5 2. f4 d6 3. Nf3 e6 4. g3 Nc6 5. Bg2 g6 6. Nc3 Bg7 7. O-O Nge7 8. d3
O-O 9. Qe1 Rb8 10. g4 f5 11. gxf5 exf5 12. h4 Nd4 13. Nxd4 Bxd4+ 14. Be3 Bg7
15. Bf3 Qe8 16. Rf2 Qf7 17. Rh2 Be6 18. Qg3 a6 19. Kh1 h5 20. Rg2 Kh7 21. a3
Bh6 22. Ne2 Rg8 23. Rag1 b6 24. Qf2 Qf6 25. c3 Rbf8 26. Ng3 1/2-1/2

[Event "ODJM A 2016"]
[Site "Willingen GER"]
[Date "2016.05.19"]
[Round "7"]
[White "Marx, Inga"]
[Black "Kappelmann, Florian"]
[Result "1-0"]
[Termination "normal"]
[Board "45"]
[WhiteElo "1759"]
[BlackElo "1643"]
[PlyCount "111"]
[WhiteFideId "4654749"]
[BlackFideId "12973165"]
[EventCountry "GER"]
[EventRounds "9"]
[EventType "swiss"]
[EventDate "2016.05.14"]

1. e4 c6 2. Nf3 d5 3. exd5 cxd5 4. Ne5 Nf6 5. d4 a6 6. Bd3 Nc6 7. c3 e6 8. Nd2
Qc7 9. Ndf3 Bd6 10. Qe2 O-O 11. O-O b5 12. a3 Na5 13. Bg5 Nd7 14. Ng4 Bf4 15.
g3 Bxg5 16. Nxg5 g6 17. h4 Nb6 18. Nf6+ Kg7 19. Ngxh7 Rh8 20. h5 Nd7 21. Nxd7
Qxd7 22. hxg6 fxg6 23. Nf6 Qf7 24. Ng4 Nc6 25. Kg2 e5 26. Rh1 Bxg4 27. Qxg4 e4
28. Be2 Raf8 29. f3 exf3+ 30. Qxf3 Qe7 31. Qg4 Qe3 32. Raf1 Rxh1 33. Kxh1 Rh8+
34. Kg2 Ne7 35. Qf3 Qe6 36. g4 g5 37. Bd3 Nc8 38. Qf5 Qxf5 39. Rxf5 Ne7 40.
Rxg5+ Kf6 41. Re5 Rg8 42. Kf3 Rg5 43. Kf4 Rxe5 44. dxe5+ Ke6 45. Bf5+ Kf7 46.
e6+ Kg7 47. Ke5 a5 48. b3 Kf8 49. Kd6 b4 50. axb4 axb4 51. cxb4 Nxf5+ 52. gxf5
d4 53. e7+ Ke8 54. f6 d3 55. f7+ Kxf7 56. Kd7 1-0

[Event "ODJM A 2016"]
[Site "Willingen GER"]
[Date "2016.05.19"]
[Round "7"]
[White "Richter, Robert"]
[Black "Sinnhöfer, Jonas"]
[Result "0-1"]
[Termination "normal"]
[Board "46"]
[WhiteElo "1550"]
[BlackElo "1785"]
[PlyCount "52"]
[WhiteFideId "12978744"]
[BlackFideId "12982938"]
[EventCountry "GER"]
[EventRounds "9"]
[EventType "swiss"]
[EventDate "2016.05.14"]

1. e4 e5 2. Nf3 Nc6 3. Bc4 Bc5 4. c3 Nf6 5. d4 exd4 6. e5 d5 7. Bb5 Ne4 8. cxd4
Bb4+ 9. Bd2 Qe7 10. O-O Nxd2 11. Nbxd2 O-O 12. Bxc6 bxc6 13. Rc1 Qe6 14. a3 Be7
15. Nb3 Rb8 16. Qc2 Rb6 17. Nfd2 Qg4 18. f4 Bf5 19. Qc3 Rfb8 20. Rf3 Be4 21.
Rf2 Bf5 22. Nf3 Rxb3 23. Qxc6 Be6 24. Qxc7 R3b7 25. Qc6 Qxf4 26. Qc3 Rc8 0-1

[Event "ODJM A 2016"]
[Site "Willingen GER"]
[Date "2016.05.19"]
[Round "7"]
[White "Roos, Elias"]
[Black "Riegel, Arinna"]
[Result "0-1"]
[Termination "normal"]
[Board "48"]
[WhiteElo "1722"]
[BlackElo "1695"]
[PlyCount "114"]
[WhiteFideId "12953415"]
[BlackFideId "12931446"]
[EventCountry "GER"]
[EventRounds "9"]
[EventType "swiss"]
[EventDate "2016.05.14"]

1. d4 d5 2. c4 e6 3. Nc3 Nf6 4. cxd5 exd5 5. Bg5 Be7 6. e3 c6 7. Bd3 Be6 8.
Nge2 h6 9. Bh4 Qc8 10. O-O Bf5 11. Bxf5 Qxf5 12. Qb3 Qc8 13. Rac1 Nbd7 14. Bg3
Nb6 15. Qc2 Qd7 16. f3 Nc4 17. Bf2 O-O 18. e4 dxe4 19. fxe4 Ng4 20. Qd3 Nxb2
21. Qh3 Rad8 22. Bh4 Bxh4 23. Qxh4 Nc4 24. h3 Nf6 25. e5 Nd5 26. Ne4 Nce3 27.
Rf3 Nf5 28. Qf2 Nfe7 29. Rf1 Ng6 30. Qg3 Qe7 31. Nd6 Rxd6 32. exd6 Qxe2 33. Ra3
Qe4 34. Rxa7 Qxd4+ 35. Qf2 Qxf2+ 36. Rxf2 b6 37. Rc2 Ne5 38. Re2 f6 39. Rc2 Rd8
40. d7 Kf8 41. a4 Ke7 42. a5 bxa5 43. Rxa5 Rxd7 44. Rca2 Nc3 45. Ra1 Nb5 46.
Re1 Rd2 47. Ra6 Kf7 48. Rb6 Rd7 49. Kh2 Nd4 50. Kg3 Nf5+ 51. Kh2 c5 52. Reb1
Rd2 53. Rb7+ Kg6 54. Kg1 c4 55. Rc7 Ne3 56. Re1 Nf5 57. g4 Nf3+ 0-1

[Event "ODJM A 2016"]
[Site "Willingen GER"]
[Date "2016.05.19"]
[Round "7"]
[White "Askri, Samir"]
[Black "Grunert, Friedrich"]
[Result "0-1"]
[Termination "normal"]
[Board "49"]
[WhiteElo "1867"]
[BlackElo "1694"]
[PlyCount "84"]
[WhiteFideId "12924938"]
[BlackFideId "12995592"]
[EventCountry "GER"]
[EventRounds "9"]
[EventType "swiss"]
[EventDate "2016.05.14"]

1. d4 Nf6 2. c4 g6 3. Nc3 Bg7 4. e4 d6 5. Nf3 O-O 6. Be2 Nbd7 7. O-O e5 8. d5
Nc5 9. Qc2 a5 10. Bg5 h6 11. Bd2 Ne8 12. Ne1 f5 13. f3 f4 14. Nd3 g5 15. a3 h5
16. b4 Nxd3 17. Bxd3 b6 18. c5 g4 19. cxd6 cxd6 20. Nb5 Kh8 21. Rac1 Rg8 22.
Nc7 Nxc7 23. Qxc7 Qh4 24. Be1 g3 25. Bxg3 fxg3 26. hxg3 Qxg3 27. Qxd6 Bf8 28.
Qf6+ Qg7 29. Qxg7+ Rxg7 30. f4 exf4 31. Rxf4 Bh3 32. Bf1 Be7 33. Rc3 Bg4 34.
bxa5 Rxa5 35. Bc4 Rxa3 36. Rxa3 Bxa3 37. e5 Re7 38. e6 Kg7 39. Kf1 Bd6 40. Rf2
Bg3 41. Rd2 Ra7 42. Ba2 Rc7 0-1

[Event "ODJM A 2016"]
[Site "Willingen GER"]
[Date "2016.05.19"]
[Round "7"]
[White "Hauk, Viktoria"]
[Black "Adelmeyer, Matti"]
[Result "1/2-1/2"]
[Termination "normal"]
[Board "51"]
[WhiteElo "1489"]
[BlackElo "1677"]
[PlyCount "112"]
[WhiteFideId "12929093"]
[BlackFideId "12962520"]
[EventCountry "GER"]
[EventRounds "9"]
[EventType "swiss"]
[EventDate "2016.05.14"]

1. d4 d5 2. Nf3 Nf6 3. e3 Bg4 4. c4 e6 5. Bd2 Be7 6. Be2 O-O 7. Nc3 Nbd7 8. c5
b6 9. b4 c6 10. O-O a5 11. cxb6 axb4 12. Na4 Nxb6 13. Nc5 Bxc5 14. dxc5 Nbd7
15. Bxb4 Ne4 16. Nd4 Bxe2 17. Qxe2 Qc7 18. Rfc1 Rfb8 19. a3 e5 20. Nf5 g6 21.
Ng3 Qa7 22. Qe1 Nexc5 23. Qc3 Rb5 24. Rc2 Rc8 25. Rac1 Ne6 26. Qd3 Qb7 27. h3
c5 28. Qe2 c4 29. Qg4 Ng7 30. Qf3 Nc5 31. Rd2 Nd3 32. Rc3 Nxb4 33. axb4 e4 34.
Qd1 Rxb4 35. Rc1 Rb5 36. Ne2 Ne8 37. Nd4 Rbc5 38. Rb1 Qa6 39. Qg4 c3 40. Rc2
Ra5 41. Qd1 Qd3 42. Qe1 Nd6 43. Rd1 Qc4 44. Ne2 Nb5 45. Qf1 Qb3 46. Rdc1 Rc4
47. Qd1 Na3 48. Rxc3 Rxc3 49. Nxc3 Qb7 50. Qd4 Qc6 51. Rd1 Nc2 52. Qd2 Nb4 53.
Qd4 Rc5 54. Qxb4 Rxc3 55. Qb8+ Kg7 56. Qe5+ f6 1/2-1/2

[Event "ODJM A 2016"]
[Site "Willingen GER"]
[Date "2016.05.19"]
[Round "7"]
[White "Leser, Stefan"]
[Black "Stockter, Jasper Enno"]
[Result "1-0"]
[Termination "normal"]
[Board "52"]
[WhiteElo "1708"]
[BlackElo "1479"]
[PlyCount "39"]
[WhiteFideId "12997706"]
[BlackFideId "12957291"]
[EventCountry "GER"]
[EventRounds "9"]
[EventType "swiss"]
[EventDate "2016.05.14"]

1. e4 e6 2. d4 d5 3. Nc3 Nf6 4. Bg5 Be7 5. e5 Nfd7 6. Bxe7 Qxe7 7. f4 O-O 8.
Nf3 a6 9. Qd2 c5 10. dxc5 Qxc5 11. O-O-O Nc6 12. Kb1 b5 13. Ne2 Nb6 14. Ned4
Bb7 15. Bd3 Nxd4 16. Nxd4 Rac8 17. Qe1 Qe7 18. Qg3 Nc4 19. f5 Kh8 20. f6 1-0

[Event "ODJM A 2016"]
[Site "Willingen GER"]
[Date "2016.05.19"]
[Round "7"]
[White "Reck, Jessica"]
[Black "Hoppe, Nico"]
[Result "0-1"]
[Termination "normal"]
[Board "53"]
[WhiteElo "1692"]
[BlackElo "1459"]
[PlyCount "96"]
[WhiteFideId "12917931"]
[BlackFideId "16225520"]
[EventCountry "GER"]
[EventRounds "9"]
[EventType "swiss"]
[EventDate "2016.05.14"]

1. d4 Nf6 2. Nf3 e6 3. c4 Bb4+ 4. Bd2 c5 5. Bxb4 cxb4 6. Nbd2 d6 7. g3 O-O 8.
Bg2 Nc6 9. O-O e5 10. d5 Ne7 11. Ne1 Ne8 12. Nd3 a5 13. Rc1 b6 14. Nxe5 dxe5
15. d6 Ra7 16. dxe7 Qxe7 17. Qc2 Rc7 18. Rfd1 Nf6 19. b3 Ba6 20. Ne4 Nxe4 21.
Bxe4 g6 22. Rd2 Rd8 23. Rcd1 Rcd7 24. Rxd7 Rxd7 25. Rxd7 Qxd7 26. Qd3 Qxd3 27.
exd3 Kf8 28. Kf1 Ke7 29. Ke2 Kd6 30. Ke3 b5 31. Bd5 bxc4 32. dxc4 f6 33. f4 Bc8
34. fxe5+ Kxe5 35. Be4 f5 36. Bf3 g5 37. c5 h6 38. c6 Kd6 39. Kd4 Ba6 40. c7
Kxc7 41. Ke5 Bd3 42. Kf6 Bb1 43. Kg6 Bxa2 44. Bd1 f4 45. Kxh6 f3 46. Kxg5 f2
47. Be2 Bxb3 48. Kf4 a4 0-1

[Event "ODJM A 2016"]
[Site "Willingen GER"]
[Date "2016.05.19"]
[Round "7"]
[White "Brunner, Tobias"]
[Black "Paskalev, Vasil"]
[Result "1-0"]
[Termination "normal"]
[Board "54"]
[WhiteElo "1762"]
[BlackElo "1591"]
[PlyCount "87"]
[WhiteFideId "12949833"]
[BlackFideId "16212355"]
[EventCountry "GER"]
[EventRounds "9"]
[EventType "swiss"]
[EventDate "2016.05.14"]

1. e4 e5 2. Nf3 Nc6 3. Bc4 Nf6 4. d3 Bc5 5. a3 d6 6. h3 Be6 7. Nbd2 Qd7 8. Bb5
a6 9. Ba4 b5 10. Bb3 O-O 11. c3 Nh5 12. Bxe6 fxe6 13. Nb3 Bb6 14. O-O Rf6 15.
Bg5 Rg6 16. Qd2 h6 17. Be3 Rf8 18. Qe2 Bxe3 19. Qxe3 Qf7 20. Nh4 Rg5 21. Nd2
Nf4 22. Kh2 Qh5 23. g3 Ng6 24. Nxg6 Rxg6 25. Rae1 Rgf6 26. Kg2 Ne7 27. Qe2 Qg6
28. Qe3 c5 29. b4 cxb4 30. axb4 Qf7 31. Ra1 Ra8 32. Qb6 Rf8 33. Rxa6 d5 34. Qe3
h5 35. h4 g5 36. Qxg5+ Ng6 37. f3 dxe4 38. dxe4 Kg7 39. Rfa1 Kg8 40. Ra7 Qe8
41. Ra8 Qe7 42. R1a7 Qd6 43. Qxf6 Qxd2+ 44. Kh3 1-0

[Event "ODJM A 2016"]
[Site "Willingen GER"]
[Date "2016.05.19"]
[Round "7"]
[White "Bilecen, Simon"]
[Black "Bilau, Max"]
[Result "1/2-1/2"]
[Termination "normal"]
[Board "55"]
[WhiteElo "1474"]
[BlackElo "1645"]
[PlyCount "55"]
[WhiteFideId "16225511"]
[BlackFideId "12974838"]
[EventCountry "GER"]
[EventRounds "9"]
[EventType "swiss"]
[EventDate "2016.05.14"]

1. e4 e6 2. d4 d5 3. exd5 exd5 4. Bd3 Bd6 5. Nf3 Nf6 6. O-O O-O 7. Bg5 Bg4 8.
c3 c6 9. Nbd2 Nbd7 10. Re1 Qc7 11. Qe2 h6 12. Be3 Be6 13. h3 b5 14. b4 a5 15.
a3 Ra6 16. Nb3 a4 17. Nc5 Nxc5 18. bxc5 Bf4 19. Qd2 Bxe3 20. Rxe3 Re8 21. Ne5
Nd7 22. Rae1 Raa8 23. Qe2 Nxe5 24. Rxe5 Qa5 25. Re3 Qd8 26. Bf5 Bd7 27. Bxd7
Rxe3 28. Qxe3 1/2-1/2